Vidiecky cestovný ruch v obci Terchová diplomová práca

Uložené v:
Podrobná bibliografia
Hlavný autor: Meravá, Eva
Korporativný autor: Obchodná fakulta EU. Katedra služieb a cestovného ruchu - zrušené
Ďalší autori: Sniščák, Vincent
Médium: Kniha
Jazyk:Slovak
Vydavateľské údaje: Bratislava 2008
Tagy: Pridať tag
Žiadne tagy, Buďte prvý, kto otaguje tento záznam!

MARC

LEADER 00000nam$a2200000$$$4500
001 0087958
005 20240201120648.6
041 0 |a slo 
044 |a SK 
245 1 0 |a Vidiecky cestovný ruch v obci Terchová  |b diplomová práca  |c Eva Meravá ; škol. Vincent Sniščák 
264 1 |a Bratislava  |c 2008 
300 |a 61 s. 
100 1 |a Meravá, Eva 
700 1 |a Sniščák, Vincent 
710 2 |a Obchodná fakulta EU. Katedra služieb a cestovného ruchu - zrušené